000 00734nas a2200253 4500
001 BR9200383
003 BR-BrBNA
005 20231205092241.0
007 ta
008 230509b bl.|||p| |||| 00| 00por d
040 _aBR-BrBNA
_bpor
_cBiblioteca Nacional de Agricultura
041 _a(Pt)
072 _aE16
100 1 _aMay, P.H.
245 1 _aTransformacoes agrarias nos babacuais do Maranhao
650 _aBABACU
650 _aMICROECONOMIA
650 _aSISTEMA DE PRODUCAO
650 _aTECNOLOGIA AGRICOLA
650 _aMARANHAO
773 0 _tRevista de Economia Rural (Brazil)
_xISSN 0100-4905
_g(Jan-Mar 1987), v. 25(1) p. 119-134
_wBR9200383
909 _a202311
_bLúcia
_c55
_dLúcia Elande
942 _2AGRIS
_n0
_cANA
999 _c130411
_d130411